| 000 | 00521nam a2200205Ia 4500 | ||
|---|---|---|---|
| 008 | 170918s9999 xx 000 0 und d | ||
| 020 | _a9780736423717 | ||
| 050 | _bT519 2006 | ||
| 100 | _aThorpe, Kiki | ||
| 245 | 4 | _aThe trouble with tink / | |
| 245 | _cKiki Thorpe ; illustrated by Judith Holmes Clarke. | ||
| 260 | _aNew York : | ||
| 260 | _bRandom House, | ||
| 260 | _c2006 | ||
| 300 | _a109 pages : | ||
| 300 | _bcolored illustration ; | ||
| 300 | _c19cm. | ||
| 440 | _aDisney fairies. | ||
| 500 | _a690 | ||
| 999 |
_c341821 _d341821 |
||